[Event "Corumba IRT Benedito"]
[Site "Corumba"]
[Date "2018.09.08"]
[Round "2.1"]
[White "De Sa, Edivaldo Alves"]
[Black "Arruda, Linneker Anez"]
[Result "1-0"]
[WhiteElo "1946"]
[BlackElo "1889"]
[PlyCount "129"]
[EventDate "2018.09.07"]
[EventType "swiss"]
[EventRounds "5"]
[EventCountry "BRA"]
[SourceTitle "EXT 2022"]
[Source "ChessBase"]
[SourceDate "2021.10.06"]
[SourceVersion "1"]
[SourceVersionDate "2021.10.06"]
[SourceQuality "1"]

1. Nf3 g6 2. g3 Bg7 3. Bg2 Nf6 4. 0-0 0-0 5. c3 d5 6. d4 c5 7. Nbd2 Nc6 8. Re1 cxd4 9. cxd4 Ne4 10. e3 Bg4 11. h3 Bf5 12. g4 Nxd2 13. Nxd2 Be6 14. Nf3 Qb6 15. Ng5 Rac8 16. Nxe6 fxe6 17. Rb1 Nb4 18. a3 Nc2 19. Bd2 Nxe1 20. Bxe1 Kh8 21. Bc3 Rf7 22. Qd3 Qb3 23. Rf1 Qc4 24. Qd2 Rcf8 25. g5 Rf5 26. f4 Rc8 27. h4 Qb3 28. Bh3 b5 29. Bg4 Rc6 30. h5 gxh5 31. Bxh5 a5 32. Bd1 Qc4 33. Be2 Qb3 34. Bd3 Rf8 35. Bxa5 Rfc8 36. Bb4 Rc2 37. Bxc2 Rxc2 38. Qe1 Qd3 39. Rf2 Rxf2 40. Kxf2 Bf8 41. Qe2 Qb1 42. Bc3 Qh1 43. Qxb5 Qh2+ 44. Ke1 h5 45. gxh6 Qg1+ 46. Kd2 Kh7 47. Qe2 Bxh6 48. a4 Qa1 49. a5 Kg7 50. Qg4+ Kf7 51. Qh5+ Kg7 52. Qe5+ Kf7 53. f5 exf5 54. Qxf5+ Kg7 55. Qe5+ Kg6 56. Qe6+ Kh5 57. Qxd5+ Bg5 58. Qb5 Kh4 59. Qe2 Qa4 60. Kc1 Qa1+ 61. Kc2 Qa4+ 62. Kb1 e5 63. Be1+ Kh3 64. Qf3+ Kh2 65. Bg3+ 1-0

[Event "Corumba IRT Benedito"]
[Site "Corumba"]
[Date "2018.09.07"]
[Round "1.1"]
[White "Gil Marquez, Joel Dickie"]
[Black "De Sa, Edivaldo Alves"]
[Result "0-1"]
[WhiteElo "1582"]
[BlackElo "1946"]
[PlyCount "58"]
[EventDate "2018.09.07"]
[EventType "swiss"]
[EventRounds "5"]
[EventCountry "BRA"]
[SourceTitle "EXT 2022"]
[Source "ChessBase"]
[SourceDate "2021.10.06"]
[SourceVersion "1"]
[SourceVersionDate "2021.10.06"]
[SourceQuality "1"]

1. e4 e6 2. d4 d5 3. exd5 exd5 4. c4 Nf6 5. Nc3 Be6 6. Nf3 h6 7. Bd3 dxc4 8. Bxc4 Bxc4 9. Qa4+ b5 10. Qc2 Bb4 11. b3 Qe7+ 12. Ne5 Bd5 13. 0-0 Bxc3 14. Qxc3 0-0 15. Qg3 Ne4 16. Qg4 Qe6 17. f3 Qxg4 18. Nxg4 Nc3 19. Ba3 Re8 20. Bb4 Ne2+ 21. Kf2 Nc6 22. Bd2 h5 23. Ne5 Nexd4 24. Nxc6 Re2+ 25. Kg1 Bxc6 26. Bc3 Nc2 27. Rac1 b4 28. Bxb4 Nxb4 29. a3 Nc2 0-1

[Event "Estadual-ch m FESMAX XXX"]
[Site "Campo Grande"]
[Date "2015.12.28"]
[Round "1.4"]
[White "Souza dos Santos, Matheus Garcett"]
[Black "De Sa, Edivaldo Alves"]
[Result "1-0"]
[WhiteElo "1929"]
[BlackElo "1971"]
[PlyCount "77"]
[EventDate "2015.12.18"]
[EventType "tourn"]
[EventRounds "7"]
[EventCountry "BRA"]
[SourceTitle "EXT 2022"]
[Source "ChessBase"]
[SourceDate "2021.10.06"]
[SourceVersion "1"]
[SourceVersionDate "2021.10.06"]
[SourceQuality "1"]

1. Nf3 Nf6 2. g3 g6 3. Bg2 Bg7 4. d3 d5 5. Nbd2 0-0 6. e4 dxe4 7. dxe4 Ng4 8. 0-0 Nc6 9. c3 Nge5 10. Qe2 Nd3 11. Rd1 Nxc1 12. Raxc1 Bg4 13. Nf1 Qc8 14. Ne3 Bd7 15. Rd2 Ne5 16. Nxe5 Bxe5 17. f4 Bg7 18. e5 c6 19. Bf3 h5 20. Rcd1 Be6 21. b3 Qc7 22. Nc2 Rad8 23. Nd4 Bc8 24. Kh1 e6 25. Be4 a6 26. Nf3 Rxd2 27. Qxd2 Re8 28. Qd3 Bf8 29. Bxg6 fxg6 30. Qxg6+ Qg7 31. Qxe8 Qg4 32. Kg2 h4 33. Ng5 h3+ 34. Kf2 Qf5 35. Rd2 Kg7 36. b4 a5 37. Qxc8 axb4 38. Nxe6+ Kh6 39. Qxf8+ 1-0

[Event "Estadual-ch m FESMAX XXX"]
[Site "Campo Grande"]
[Date "2015.12.18"]
[Round "4.2"]
[White "Gazineu Neto, Rubens"]
[Black "De Sa, Edivaldo Alves"]
[Result "1/2-1/2"]
[WhiteElo "1996"]
[BlackElo "1971"]
[PlyCount "171"]
[EventDate "2015.12.18"]
[EventType "tourn"]
[EventRounds "7"]
[EventCountry "BRA"]
[SourceTitle "EXT 2022"]
[Source "ChessBase"]
[SourceDate "2021.10.06"]
[SourceVersion "1"]
[SourceVersionDate "2021.10.06"]
[SourceQuality "1"]

1. e4 d5 2. exd5 Qxd5 3. Nc3 Qa5 4. d4 c6 5. h3 Nf6 6. Bd3 Bf5 7. Nf3 Ne4 8. 0-0 Nxc3 9. bxc3 Bxd3 10. Qxd3 Nd7 11. c4 e6 12. Re1 Bd6 13. Bd2 Qc7 14. Bc3 0-0 15. Rad1 Rac8 16. Ng5 g6 17. Ne4 Be7 18. Qf3 b5 19. c5 Qd8 20. Bd2 Nf6 21. Nxf6+ Bxf6 22. Bf4 Re8 23. Bd6 Bg7 24. Re3 a5 25. c3 Qg5 26. Rde1 Qd8 27. a4 b4 28. cxb4 axb4 29. Rb3 Qa5 30. Reb1 Bxd4 31. Rxb4 Bxc5 32. Bxc5 Qxc5 33. Rb7 Re7 34. a5 Rxb7 35. Rxb7 Qf5 36. Qa3 Rd8 37. Qa1 e5 38. Rb2 Qd3 39. a6 Qd1+ 40. Qxd1 Rxd1+ 41. Kh2 Ra1 42. Rb6 c5 43. Rc6 c4 44. a7 Rxa7 45. Rxc4 h5 46. h4 Kg7 47. g3 Kf6 48. Kg2 Kf5 49. Rb4 Ra2 50. Rc4 Rd2 51. Rb4 Rd4 52. Rb7 f6 53. Rb5 g5 54. hxg5 Kxg5 55. Ra5 Kf5 56. Rb5 h4 57. gxh4 Rxh4 58. Kf3 Rh3+ 59. Kg2 Rd3 60. Ra5 Kf4 61. Ra4+ e4 62. Rb4 f5 63. Ra4 Rd6 64. Rb4 Ke5 65. Rb5+ Rd5 66. Rb4 f4 67. Ra4 Kf5 68. Ra8 Rd6 69. Rf8+ Rf6 70. Ra8 Rg6+ 71. Kf1 f3 72. Ra5+ Kf4 73. Ra8 Rb6 74. Rf8+ Ke5 75. Re8+ Kd5 76. Rd8+ Rd6 77. Rc8 Rd7 78. Ke1 Kd4 79. Ra8 Rh7 80. Rd8+ Ke5 81. Re8+ Kf5 82. Rf8+ Kg4 83. Rg8+ Kh3 84. Rg3+ Kh2 85. Rg4 Re7 86. Kd2 1/2-1/2

[Event "Campo Grande Circuito Estadual"]
[Site "Campo Grande"]
[Date "2015.09.13"]
[Round "5.3"]
[White "De Sa, Edivaldo Alves"]
[Black "Duailibe, Ricardo Miguel"]
[Result "0-1"]
[WhiteElo "1987"]
[BlackElo "1917"]
[PlyCount "102"]
[EventDate "2015.09.12"]
[EventType "swiss"]
[EventRounds "5"]
[EventCountry "BRA"]
[SourceTitle "EXT 2022"]
[Source "ChessBase"]
[SourceDate "2021.10.06"]
[SourceVersion "1"]
[SourceVersionDate "2021.10.06"]
[SourceQuality "1"]

1. e4 e6 2. Nf3 c5 3. e5 d5 4. d4 Nc6 5. c3 Qb6 6. Bd3 Bd7 7. dxc5 Bxc5 8. 0-0 Qc7 9. Qe2 h6 10. Nbd2 Nge7 11. Nb3 Bb6 12. Nbd4 a6 13. Bf4 g5 14. Bg3 0-0-0 15. h3 Rdg8 16. Nxc6 Nxc6 17. Nd2 f5 18. Rfe1 h5 19. Kh1 Ne7 20. c4 h4 21. Bh2 Bc6 22. cxd5 Bxd5 23. Rac1 Bc6 24. Nc4 g4 25. Nxb6+ Qxb6 26. Qe3 Qxe3 27. Rxe3 g3 28. Bg1 gxf2 29. Bxf2 Kb8 30. Bf1 Nd5 31. Rb3 Kc7 32. Bc5 Rg7 33. Rf3 Rhg8 34. Rf2 Kd7 35. Rd2 Kc8 36. Bf2 Kb8 37. Rc4 Bb5 38. Bxh4 Bxc4 39. Bxc4 Rd7 40. g3 Kc7 41. Rf2 Rg6 42. Bb3 b5 43. a3 a5 44. Kh2 a4 45. Bc2 Ne3 46. g4 Rh6 47. Kg3 Rdh7 48. Bf6 Rxh3+ 49. Kf4 Nxg4 50. Rd2 Nxf6 51. exf6 R7h4+ 0-1

[Event "Campo Grande Sul Mato op"]
[Site "Campo Grande"]
[Date "2015.09.07"]
[Round "5"]
[White "De Sa, Edivaldo Alves"]
[Black "Duailibe, Ricardo Miguel"]
[Result "1/2-1/2"]
[WhiteElo "1987"]
[BlackElo "1930"]
[PlyCount "82"]
[EventDate "2015.09.05"]
[EventType "swiss"]
[EventRounds "6"]
[EventCountry "BRA"]
[SourceTitle "EXT 2016"]
[Source "ChessBase"]
[SourceDate "2015.10.08"]
[SourceVersion "1"]
[SourceVersionDate "2015.10.08"]
[SourceQuality "1"]

1. d4 Nf6 2. Nf3 g6 3. g3 Bg7 4. Bg2 d5 5. 0-0 Ne4 6. Bf4 0-0 7. Ng5 f5 8. Nxe4 fxe4 9. c3 Nd7 10. f3 exf3 11. Bxf3 Nf6 12. Nd2 Ng4 13. e4 Rxf4 14. gxf4 Ne3 15. Qe2 Nxf1 16. Rxf1 Be6 17. e5 Qd7 18. Bg2 Rf8 19. Qe3 Bh6 20. Qg3 Rf7 21. Rf2 b6 22. Nf1 c5 23. Ne3 cxd4 24. cxd4 Kh8 25. Qh4 Kg7 26. b3 Qc8 27. Nxd5 Bxd5 28. Bxd5 e6 29. Bc4 b5 30. Bf1 Qc1 31. Qh3 Bxf4 32. Kh1 Rf5 33. Qd3 Rg5 34. Qf3 Rf5 35. Qb7+ Kh6 36. Qxb5 Be3 37. Rxf5 gxf5 38. Qc4 Qe1 39. Qxe6+ Kg5 40. Qg8+ Kh6 41. Qg2 Bxd4 1/2-1/2

[Event "Campo Grande Sul Mato op"]
[Site "Campo Grande"]
[Date "2015.09.06"]
[Round "4"]
[White "Cristino, Felipe Borges"]
[Black "De Sa, Edivaldo Alves"]
[Result "0-1"]
[WhiteElo "1985"]
[BlackElo "1987"]
[PlyCount "63"]
[EventDate "2015.09.05"]
[EventType "swiss"]
[EventRounds "6"]
[EventCountry "BRA"]
[SourceTitle "EXT 2016"]
[Source "ChessBase"]
[SourceDate "2015.10.08"]
[SourceVersion "1"]
[SourceVersionDate "2015.10.08"]
[SourceQuality "1"]

1. e4 e5 2. f4 Nc6 3. Nf3 d6 4. d4 exd4 5. Nxd4 Bd7 6. Nc3 Nge7 7. Ndb5 a6 8. Qxd6 axb5 9. Nxb5 Rc8 10. Bc4 Be6 11. Qxd8+ Kxd8 12. Be2 f5 13. g4 fxe4 14. f5 Bf7 15. Bf4 Nd5 16. 0-0-0 Ke8 17. Rxd5 Bxd5 18. Rd1 Bf7 19. g5 Bc5 20. Bg4 Ke7 21. f6+ gxf6 22. gxf6+ Kxf6 23. Rf1 Kg7 24. Bd2 Rhf8 25. Rf5 b6 26. Rg5+ Bg6 27. h4 Rf1+ 28. Bd1 e3 29. Bc3+ Kh6 30. Rd5 Rd8 31. Nxc7 Rxd5 32. Nxd5 0-1

[Event "Florianopolis op"]
[Site "Florianopolis"]
[Date "2015.01.16"]
[Round "5"]
[White "Avedisian, Alexander"]
[Black "De Sa, Edivaldo Alves"]
[Result "0-1"]
[WhiteElo "1810"]
[BlackElo "2026"]
[PlyCount "86"]
[EventDate "2015.01.14"]
[EventType "swiss"]
[EventRounds "10"]
[EventCountry "BRA"]
[SourceTitle "CBM 164 Extra"]
[Source "ChessBase"]
[SourceDate "2015.03.02"]
[SourceVersion "1"]
[SourceVersionDate "2015.03.02"]
[SourceQuality "1"]

1. e4 e6 2. d3 d5 3. Qe2 dxe4 4. dxe4 Bd7 5. Nf3 Nc6 6. g3 e5 7. Bg2 Be7 8. 0-0 Qc8 9. Nbd2 Nf6 10. Nc4 Bg4 11. c3 0-0 12. Qc2 Qe6 13. Ne3 Bxf3 14. Bxf3 Rad8 15. Nd5 Nxd5 16. exd5 Qf6 17. Be4 Nb8 18. Bxh7+ Kh8 19. Be4 Qd6 20. Qe2 g6 21. Bh6 Rfe8 22. g4 g5 23. h4 Qxh6 24. hxg5 Qxg5 25. f4 exf4 26. Qh2+ Qh4 27. Rf2 Qxh2+ 28. Rxh2+ Kg7 29. Rh7+ Kf6 30. Kg2 Rh8 31. Rah1 Rxh7 32. Rxh7 c6 33. c4 Bd6 34. Kf3 Rg8 35. a3 Nd7 36. Rh6+ Ke7 37. Bf5 Ne5+ 38. Kxf4 Nxg4+ 39. Rxd6 Kxd6 40. Bxg4 cxd5 41. cxd5 Rxg4+ 42. Kxg4 Kxd5 43. Kf5 Kc4 0-1

[Event "Estadual-ch"]
[Site "Vitoria"]
[Date "2009.11.28"]
[Round "3.3"]
[White "De Sa, Edivaldo Alves"]
[Black "Cunha e Silva, Carlos Alberto V"]
[Result "1-0"]
[WhiteElo "2019"]
[BlackElo "2006"]
[PlyCount "59"]
[EventDate "2009.11.20"]
[EventType "swiss"]
[EventRounds "7"]
[EventCountry "BRA"]
[SourceTitle "EXT 2022"]
[Source "ChessBase"]
[SourceDate "2021.10.06"]
[SourceVersion "1"]
[SourceVersionDate "2021.10.06"]
[SourceQuality "1"]

1. d4 Nf6 2. c4 e6 3. Nc3 Bb4 4. a3 Bxc3+ 5. bxc3 0-0 6. e3 c5 7. Nf3 b6 8. Rb1 Qc7 9. Be2 Bb7 10. h3 d5 11. cxd5 Bxd5 12. 0-0 Nbd7 13. Bb2 Rac8 14. Rc1 c4 15. Nd2 b5 16. Qc2 Nb6 17. e4 Bc6 18. Rce1 Na4 19. Bc1 Qb6 20. e5 Nd5 21. Ne4 Naxc3 22. Ng5 Nxe2+ 23. Rxe2 g6 24. Ne4 Rc7 25. Nf6+ Kg7 26. Qe4 Nc3 27. Bh6+ Kh8 28. Qh4 Nxe2+ 29. Kh2 Nxd4 30. Bg7+ 1-0

[Event "BRA TR Sudeste"]
[Site "Vitoria"]
[Date "2008.05.03"]
[Round "6.17"]
[White "De Sa, Edivaldo Alves"]
[Black "Chiari, Arthur Gontijo"]
[Result "1-0"]
[WhiteElo "2032"]
[BlackElo "1757"]
[PlyCount "109"]
[EventDate "2008.05.01"]
[EventType "swiss"]
[EventRounds "7"]
[EventCountry "BRA"]
[SourceTitle "EXT 2022"]
[Source "ChessBase"]
[SourceDate "2021.10.06"]
[SourceVersion "1"]
[SourceVersionDate "2021.10.06"]
[SourceQuality "1"]

1. e4 c6 2. d4 d5 3. e5 Bf5 4. c4 dxc4 5. Bxc4 e6 6. Nc3 Nd7 7. Nge2 Nb6 8. Bd3 Bxd3 9. Qxd3 Ne7 10. Bg5 Qd7 11. Rd1 Ned5 12. a3 Be7 13. Bxe7 Qxe7 14. Ne4 0-0 15. 0-0 Nd7 16. Nd6 Rab8 17. f4 c5 18. Rf3 f5 19. Ng3 cxd4 20. Qxd4 b6 21. Ndxf5 exf5 22. Qxd5+ Kh8 23. Nxf5 Rxf5 24. Qxd7 Qc5+ 25. Kh1 Rff8 26. Rg3 Rg8 27. e6 Qf2 28. Rf3 Qxb2 29. f5 Qf6 30. Qxa7 Rbd8 31. Re1 Qh4 32. Ref1 Rd2 33. Qxb6 Qg4 34. R3f2 Qd4 35. Qxd4 Rxd4 36. h3 Ra4 37. Rf3 Re8 38. Re1 Kg8 39. g4 Kf8 40. Kg2 Ke7 41. Kg3 Kf6 42. h4 h6 43. Ree3 Re7 44. Rf4 Rxf4 45. Kxf4 Ra7 46. g5+ hxg5+ 47. hxg5+ Ke7 48. Rd3 Ra4+ 49. Ke5 Ra5+ 50. Rd5 Rxa3 51. f6+ gxf6+ 52. gxf6+ Ke8 53. f7+ Ke7 54. Rd7+ Kf8 55. Rd8+ 1-0

[Event "BRA ES-ch"]
[Site "Vitoria"]
[Date "2007.10.14"]
[Round "7.4"]
[White "Valentim, Flavio Oliveira"]
[Black "De Sa, Edivaldo Alves"]
[Result "1-0"]
[WhiteElo "2087"]
[BlackElo "2046"]
[PlyCount "122"]
[EventDate "2007.10.11"]
[EventType "swiss"]
[EventRounds "7"]
[EventCountry "BRA"]
[SourceTitle "EXT 2022"]
[Source "ChessBase"]
[SourceDate "2021.10.06"]
[SourceVersion "1"]
[SourceVersionDate "2021.10.06"]
[SourceQuality "1"]

1. e4 e6 2. d4 d5 3. Nc3 Nf6 4. e5 Nfd7 5. f4 c5 6. Nf3 Nc6 7. Be3 a6 8. Be2 b6 9. 0-0 Bb7 10. Kh1 Be7 11. Qe1 cxd4 12. Nxd4 Nxd4 13. Bxd4 Bh4 14. Qd2 0-0 15. Rf3 f5 16. Qe3 Rc8 17. Rh3 Rc6 18. g4 Be7 19. gxf5 exf5 20. Bf3 Rg6 21. Bxd5+ Bxd5+ 22. Nxd5 Re8 23. Rg3 Qa8 24. Qf3 Rxg3 25. Nxe7+ Kf7 26. Qxa8 Rxa8 27. hxg3 Kxe7 28. c4 Rc8 29. b3 Rc6 30. Rd1 h6 31. Bb2 a5 32. Ba3+ Nc5 33. Kg2 Ke8 34. Bxc5 bxc5 35. Rd5 g6 36. Kf3 Ke7 37. Rd2 Ra6 38. Rd5 Rc6 39. Ke3 g5 40. Kf3 g4+ 41. Ke3 h5 42. Rd2 Rh6 43. Rh2 Kd7 44. Rh4 Kc6 45. Kd3 Kd7 46. Kc3 Ke6 47. Kb2 Kf7 48. Ka3 Kg6 49. Ka4 Rh8 50. Kb5 Rd8 51. Rh2 Rd3 52. Rg2 Rxg3 53. Rxg3 h4 54. Re3 Kf7 55. Kc6 h3 56. Kd7 h2 57. e6+ Kg7 58. Re1 g3 59. e7 g2 60. e8Q g1Q 61. Re7+ Kh6 1-0